Ostatnie lata Hugona Kołłątaja (1794-1812). (Rekord nr 27484)
| 000 -Nagłówek | |
|---|---|
| fixed length control field | 01396cam a2200397 i 4500 |
| 001 - Nr kontrolny bibl., która utworzyła rek. | |
| control field | zz2005780409 |
| 003 - Siglum bibl., której nr kontr. jest w 001 | |
| control field | NUKAT |
| 005 - Data i czas ostatniej operacji | |
| control field | 20260408194613.0 |
| 008 - Elementy pola stałej długości | |
| fixed length control field | 050107s1905 pl a |000 0 pol c |
| 035 ## - Systemowy numer kontrolny | |
| systemowy numer kontrolny | (OCoLC)749778273 |
| 035 ## - Systemowy numer kontrolny | |
| systemowy numer kontrolny | (NUKAT)zz2005780409 |
| 040 ## - Instytucja sporządzająca opis | |
| Instytucja, która sporządziła opis | GD U/AJ |
| Instytucja, która sporządziła rekord | GD U/AJ |
| Instytucja, która zmodyfikowała rekord | GD U/AJ |
| -- | GD U/KMs |
| -- | ROMA PAN/OK |
| 100 1# - Hasło główne-nazwa osobowa | |
| Nazwa osobowa | Tokarz, Wacław |
| Daty biograficzne | (1873-1937). |
| 9 (RLIN) | 2640 |
| 245 10 - Tytuł właściwy i oznaczenie odpow. | |
| tytuł | Ostatnie lata Hugona Kołłątaja (1794-1812). |
| numer części/sekcji pracy | T. 1 / |
| dod. inf. ze s. tyt./ozn. odpow. | Wacław Tokarz. |
| 260 ## - Adres wydawniczy | |
| miejsce wydania, dystrybucji itp. | Kraków : |
| nazwa wydawcy, dystrybutora itp. | Akademia Umiejętności, |
| data wydania, dystrybucji itp. | 1905. |
| 300 ## - Opis fizyczny | |
| objętość i/lub forma materiału | 347 s., [1] k. portr. ; |
| format | 23 cm. |
| 336 ## - Content Type | |
| Term | Tekst |
| Code | txt |
| Source | rdacontent |
| 337 ## - Media Type | |
| Term | Bez urządzenia pośredniczącego |
| Code | n |
| Source | rdamedia |
| 338 ## - Carrier Type | |
| Term | Wolumin |
| Code | nc |
| Source | rdacarrier |
| 380 ## - Form of work | |
| Form of work | Książki |
| 586 8# - Uwaga o nagrodzie | |
| uwaga o nagrodzie | Praca odznaczona nagrodą im. J. U. Niemcewicza |
| 600 17 - Hasło przedmiotowe-nazwa osobowa | |
| nazwa osobowa | Kołłątaj, Hugo |
| daty biograficzne | (1750-1812) |
| źródło hasła | DBN |
| 9 (RLIN) | 39689 |
| 600 17 - Hasło przedmiotowe-nazwa osobowa | |
| nazwa osobowa | Kołłątaj, Hugo |
| daty biograficzne | (1750-1812) |
| określnik formy | ostatnie lata. |
| źródło hasła | kaba |
| 9 (RLIN) | 39690 |
| 648 #7 - SUBJECT ADDED ENTRY--CHRONOLOGICAL TERM | |
| Chronological term | 1701-1800 |
| Source of heading or term | DBN |
| 9 (RLIN) | 36035 |
| 648 #7 - SUBJECT ADDED ENTRY--CHRONOLOGICAL TERM | |
| Chronological term | 1801-1900 |
| Source of heading or term | DBN |
| 9 (RLIN) | 36037 |
| 650 #7 - Hasło przedmiotowe-nazwa pospolita | |
| nazwa pospolita lub geogr. | Duchowieństwo katolickie |
| źródło hasła | DBN |
| 9 (RLIN) | 35375 |
| 650 #7 - Hasło przedmiotowe-nazwa pospolita | |
| nazwa pospolita lub geogr. | Oświata |
| źródło hasła | DBN |
| 9 (RLIN) | 39557 |
| 650 #7 - Hasło przedmiotowe-nazwa pospolita | |
| nazwa pospolita lub geogr. | Politycy |
| źródło hasła | DBN |
| 9 (RLIN) | 36070 |
| 651 #7 - Hasło przedmiotowe-nazwa geogr. | |
| nazwa geograficzna | Polska |
| źródło hasła | DBN |
| 9 (RLIN) | 35076 |
| 655 #7 - Termin określający rodzaj/formę | |
| rodzaj/forma | Biografia |
| źródło terminu | DBN |
| 9 (RLIN) | 35059 |
| 658 ## - Nazwa określająca cel programu nauczania | |
| główny cel programu nauczania | Edukacja i pedagogika |
| 658 ## - Nazwa określająca cel programu nauczania | |
| główny cel programu nauczania | Historia |
| 658 ## - Nazwa określająca cel programu nauczania | |
| główny cel programu nauczania | Polityka, politologia, administracja publiczna |
| 658 ## - Nazwa określająca cel programu nauczania | |
| główny cel programu nauczania | Religia i duchowość |
| 942 ## - ADDED ENTRY ELEMENTS (KOHA) | |
| Source of classification or shelving scheme | Dewey Decimal Classification |
| Koha item type | pozycje dostępne na miejscu |
| Status wycofania | Status zagubienia | Klasyfikacja | Status uszkodzenia | Blokada wypożyczeń | Kolekcja | Lokalizacja macierzysta | Lokalizacja bieżąca | Data nabycia | Numer akcesji | Źródło akcesji | Nr inwentarzowy | il. wypożyczeń | Sygnatura | Kod kreskowy | Date last seen | Price effective from | Typ egz. |
|---|---|---|---|---|---|---|---|---|---|---|---|---|---|---|---|---|---|
| Dewey Decimal Classification | nieuszkodzona | Pracownia Badań Księgozbiorów Historycznych | Biblioteka Instytutu Północnego w Olsztynie | Pracownia Badań Księgozbiorów Historycznych | 08/04/2026 | D-33/1963 | dar | 15416 | 15416 | IPWK23729 | 08/04/2026 | 08/04/2026 | pozycje dostępne na miejscu |